Statistics for World Cup 3rd Place Finishers

Click here to take the quiz!

General Stats

  • This quiz has been taken 29 times
  • The average score is 18 of 22

Answer Stats

HintAnswer% Correct
2018Belgium
95%
1938Brazil
91%
1978Brazil
91%
1958France
91%
1986France
91%
2010Germany
91%
2006Germany
91%
1934Germany
91%
1990Italy
91%
1966Portugal
91%
2022Croatia
86%
1998Croatia
86%
2014Netherlands
86%
1930USA/Yugoslavia
86%
1962Chile
82%
1994Sweden
82%
1950Sweden
82%
1974Poland
77%
1982Poland
77%
2002Turkey
64%
1970West Germany
59%
1954Austria
55%

Score Distribution

Percentile by Number Answered

Percent of People with Each Score

Your Score History

You have not taken this quiz